00732nam a2200193 a 450000100100000000500170001000800410002704000250006804100080009324501130010126000580021430000200027250400300029270000260032270000310034871000370037995201050041699900170052100003990820240228090831.0130729s1998 ja 000 0 spa d aDO-SdBNPbspacBNPHU17aeng00aCARICOM, Central America and the free trade agreement of the Americas /cNorman Girvan, Miguel Ceara Hatton. aKingston, Jamaica :bFriedrich Ebert Stiftung,c1998. a47 p. ;c24 cm. aBibliografía : p. 36-371 aGirvan, Norman9661121 aCeara-Hatton, Miguel916852 aFriedrich Ebert Stiftung,966113 001050718MOaGRbGRcCTd2013-07-29iLF1l0o p39908-10r2020-06-25w2020-06-25y1ZNo se presta c39398d39398